| 000 | 00624nam a22001817a 4500 | ||
|---|---|---|---|
| 999 |
_c187907 _d187907 |
||
| 005 | 20220505111032.0 | ||
| 010 | _aENG-132521 | ||
| 020 |
_a9780070147003 _c800.00 |
||
| 035 | _aEN-116053 | ||
| 037 | _bDBAD/PUB | ||
| 082 | _a658.4022 | ||
| 100 | _aFriga, Paul N. | ||
| 245 |
_aThe McKinsey Engagement: _bA Powerful Toolkit For More Efficient & Effective Team Problem Solving/ _cPaul N. Friga |
||
| 260 |
_aNew Delhi _bTata McGraw-Hill Publishing Company Limited _c2009 |
||
| 270 |
_a7 West Patel Nagar _bNew Delhi _e110008 |
||
| 300 |
_axiii, 247p. _bIndex _c23cm(pbk) |
||
| 942 |
_2ddc _cEN _h658.4022 _mFRI |
||